Os Autores World Press Cartoon (Registo nº 1168)

Detalhes MARC
000 -Etiqueta do registo
Cabeçalho 00700nam0a2200265 i 4500
005 - Identificador da versão
Campo de controlo 20240813121827.0
021 ## - Número do Depósito Legal
Código do país PT
Número 291685/09
100 ## - Dados gerais de processamento
Dados gerais de processamento 20100714d2009 m y0pory5003 ba
102 ## - Pais de publicação ou produção
País de publicação Portugal
101 0# - Língua de publicação
Língua do texto, banda sonora, etc. Português
Língua do documento no original Português
106 ## - Campo de dados codificados: material textual
Dados codificados do material textual r
105 ## - Campo de dados codificados: livros
Dados codificados dos livros a z 001yy
215 ## - Descrição física 
Indicação específica da natureza do documento e extensão da espécie 158, [2] p.
Outras indicações físicas il.
200 1# - Titulo e menção de responsabilidade
Título próprio Os Autores World Press Cartoon
Primeira menção de responsabilidade introd. Henrique Monteiro
205 ## - Menção da edição
Menção da edição 1a ed.
210 ## - Publicação, Distribuição, etc. 
Lugar da edição, distribuição, etc. Lisboa
Nome do editor, distribuidor, etc. Expresso
Data da publicação, distribuição, etc. 2009
304 ## - Notas relativas a título e menção de responsabilidade 
Texto da nota Tít. orig.:
606 ## - Nome comum usado como assunto
Número de registo de entrada de autoridade 0001641
Palavra de ordem Caricaturas
Subdivisão de assunto Exposições (Catálogos)
675 ## - Classificação Decimal Universal (CDU)
Notação 741.5(083.81)
Edição BN
Língua da edição por
700 #1 - Nome de autor-pessoa física (responsabilidade principal)
Número de registo de entrada de autoridade 0001643
Palavra de ordem Monteiro
Outra parte do nome não tomada para palavra de ordem Henrique
942 ## - Elementos de entrada adicionados (Koha)
Tipo de item no Koha Livro
Exemplares
Situação do levantamento Origin of item (home branch) (coded) Biblioteca de empréstimo Código de barras Cota Circulation type (not for loan) Tipo de documento Nota do exemplar Damaged status
  Biblioteca Escolar Eng. Nuno Mergulhão Biblioteca Escolar Eng. Nuno Mergulhão BENM2121 741 CAR   Livro Sem mensagem